01151nam a2200265Ia 4500003000900000008004100009020002200050040001600072080002200088111009000110245019900200260006100399300001400460490003400474650003800508650003700546650003500583650003300618650003300651700003400684700002700718942000700745999001700752952011600769IN-BaIIA211028s9999 xx 000 0 eng d a978-1-583812-31-0 cIIA Library a082.2:52bASP-363 aConference on the Nature of V838 Mon and its Light EchocSpaind2006 May 16-19931842 4aThe nature of V838 Mon and its light echobproceeding of a conference held in La Palma, Spain, 16-19 May 2006cedited by R. L. M. Corradi and U. Munari  aSan FranciscobAstronomical Society of the Pacificc2007 axv, 292p. aASP conference series; v. 363 aCircumstellar - congresses931843 aInterstellar - congresses931844 aLight echo - congresses931845 aOutburst - congresses931846 aV838 MON - congresses931847 aCorradi, R. L. M., ed.929254 aMunari, U., ed.931848 cBK c16978d16978 00104070aBANbBANcGENd2008-08-07eASP l0o082.2:52/ ASP-363p17900r2021-11-05w2008-08-07yBK 77.00